000 00570nam a2200181Ia 4500
005 20250508151026.0
008 008 250505s9999 xx 000 0 eng d
037 _aTextual
040 _aFEDL
_beng
_cFEDL
041 _aeng
_2eng
084 _a323.4, UNE
_qFEDL
245 0 _aShort history of human rights
245 0 _cUnited Nations Educational, Scientific and Cultural Organization
260 _aParis
_bUnited Nations Education, Scientific and Cultural Organization
300 _a35p
942 _cTEXL
_h323.4, UNE
999 _c1327127
_d1327127